00675nam a2200181Ia 4500008004100000020001800041041000800059082001600067100002000083245006700103260003300170300000800203365001600211700002000227906005400247999001900301952017300320230718s9999 xx 000 0 und d a9788172241896 aeng a621.51bPAR aParr A.9146065 aHydraulics And PneumaticsbA Technician's And Engineer's Guide c2005bJaico Publishing House a223 cRs.b325.00 aParr A.9146065 dO:0112227-Sep-2010B:228808-Sep-2010cMECHb406.25 c325927d325927 00104070aCCEPbCCEPd2010-09-27ePradeep Book DistributorsfMECHg243.75i2288l0o621.51pCCEP-BK-37134r2023-07-18 00:00:00t406.25v325.00w2010-09-08yBKz037134